La vida es sueño / (Registro nro. 10877)

Detalles MARC
000 -LIDER
fixed length control field 01046nam a2200301 a 4500
001 - NÚMERO DE CONTROL
Identificador de número de control 0000159
003 - IDENTIFICACDOR DE NÚMERO DE CONTROL
control field DO-SdBNP
005 - DATE AND TIME OF LATEST TRANSACTION
control field 20231011084720.0
007 - CAMPOS FIJOS DE DESCRIPCIÓN FÍSICA
fixed length control field 0000159
008 - ELEMENTOS DE LONGITUD FIJA
fixed length control field 100223s1999 sp a 000 d spa d
020 ## - ISBN
International Standard Book Number 8481301566
040 ## - FUENTE DE CATALOGACIÓN
Agencia que crea de manera original el registro BPMSU
Idioma de catalogación spa
Agencia que realiza la transcripción BPMSU
082 #4 - NÚMERO DE CLASIFICACIÓN DECIMAL DE DEWEY
Classification number 862.3
Item number C146v 1999
Edition number 22
100 1# - ASIENTO PRINCIPAL -- NOMBRE PERSONAL
Nombre personal Calderón de la Barca, Pedro,
Fechas asociadas con el nombre 1600–1681.
245 13 - MENCIÓN DE TITULO
Título La vida es sueño /
Mención de responsabilidad Pedro Calderón de la Barca ; Calderón de la Barca ; edición de Guillermo Serés ; prólogo de Javier Villán.
260 ## - PUBLICACIÓN, DISTRIBUCIÓN, ETC. (PIE DE IMPRENTA)
Lugar de publicación, distribución, etc Madrid :
Nombre del editor, distribuidor, etc. Milenium,
Fecha de publicación, distribución, etc 1999
300 ## - DESCRIPCIÓN FÍSICA
Extensión 127 p. ;
Dimensiones 23 cm.
Otros detalles físicos
490 0# - MENCIÓN DE SERIES
Mención de serie Biblioteca El Mundo;
-- Joyas del Milenio
490 ## - MENCIÓN DE SERIES
Mención de serie Millenium : las 100 joyas del milenio,
Volume/sequential designation 39
504 ## - NOTA DE BIBLIOGRAFÍA, ETC.
Bibliography, etc Incluye referencias bibliográficas y notas al pie de las páginas.
590 ## - NOTA LOCAL
Texto de la nota local Inventariado, 2023/VM
650 #4 - ENCABEZAMIENTO DE MATERIA--TEMÁTICO
Término temático o nombre geográfico como elemento de entrada Teatro español
650 #4 - ENCABEZAMIENTO DE MATERIA--TEMÁTICO
Término temático o nombre geográfico como elemento de entrada Literatura española
700 1# - ASIENTO SECUNDARIO -- NOMBRE PERSONAL
Nombre personal Villán, Javier,
Mención de responsabilidad pról.
700 12 - ASIENTO SECUNDARIO -- NOMBRE PERSONAL
Nombre personal Serés, Guillermo,
Mención de responsabilidad ed.
910 ## - VALIDACIÓN
Validación VMateo V. Control de calidad BPMSU
942 ## - ADDED ENTRY ELEMENTS (KOHA)
Source of classification or shelving scheme Dewey Decimal Classification
Koha item type Libros
Existencias
Withdrawn status Lost status Source of classification or shelving scheme Damaged status Not for loan Collection code Home library Current library Date acquired Source of acquisition Total Checkouts Full call number Barcode Date last seen Price effective from Koha item type
    Dewey Decimal Classification     Colección General Biblioteca Pública Metropolitana Salomé Ureña Biblioteca Pública Metropolitana Salomé Ureña 02/07/2018 FUNDI   BPMSU CG 862.3 C146v 1999 BPMSU18020093 02/07/2018 02/07/2018 Libros